Živí a mŕtvi

Bibliographic Details
Main Author: Mináč, Vladimír, 1922-1996 (Author)
Format: Book
Language:Undetermined
PhysicalDescription:397 s.
Published: Bratislava Tatran 1972

MARC

LEADER 00000nam a2200000 a 4500
001 vtls001276362
003 SK-MaSNL
005 20260301113246.0
008 240313s1972 xx 0 und
035 |a SNK000227605 
040 |a SNK  |b slo  |c SNK  |e AACR2 
100 1 |a Mináč, Vladimír,  |d 1922-1996  |4 aut  |9 103107 
245 1 |a Živí a mŕtvi 
260 |a Bratislava  |b Tatran  |c 1972 
300 |a 397 s. 
958 |a OND 
999 |c 713435  |d 715365 
952 |t P60, <05>, [BOOK], {605}  |a SNK  |b SNK  |y PREZ  |7 0  |p 17A0038849  |o snkSD 40565 D1  |3 poliate strany  |0 0  |1 0  |4 0  |d 1997-02-17  |l 0  |r 2005-01-02 00:00:00  |w 2026-02-23 
952 |a SNK  |b SNK  |y PREZ  |7 0  |p 17A0937159  |o snkSD 40565   |0 0  |1 0  |4 0  |d 2013-08-14  |l 0  |r 2026-02-23 21:38:27  |w 2026-02-23